Ricostruisci la Carriera del Calciatore - Michael Carrick - Statistics

Statistiche generali
  • Questo quiz è stato fatto 2 volte
  • Il punteggio medio è 2 su 6
Statistiche sulle risposte
Hint Risposta % Corretto
2006-2018 Manchester Utd
100%
1999-2000 Birmingham City
50%
1999 Swindon Town
50%
2004-2006 Tottenham
0%
1998-1999 West Ham Utd
0%
2000-2004 West Ham Utd
0%
Nessun quiz corrispondente trovato
Distribuzione punteggi
Percentuale di utenti per punteggio
Percentile per numero di risposta
I tuoi punteggi nel tempo
Non hai fatto questo quiz